Urban poverty,housing and social change in China (Record no. 1319051)

MARC details
000 -LEADER
fixed length control field 00615nam a2200205Ia 4500
005 - DATE AND TIME OF LATEST TRANSACTION
control field 20250507130329.0
008 - FIXED-LENGTH DATA ELEMENTS--GENERAL INFORMATION
fixed length control field 008 250505s9999 xx 000 0 eng d
020 ## - INTERNATIONAL STANDARD BOOK NUMBER
International Standard Book Number 9780415307383
037 ## - SOURCE OF ACQUISITION
Stock number Annuals, Advances
040 ## - CATALOGING SOURCE
Original cataloging agency EASL
Language of cataloging eng
Transcribing agency EASL
041 ## - LANGUAGE CODE
Language code of text/sound track or separate title eng
Source of code eng
084 ## - COLON CLASSIFICATION NUMBER
Classification number Y33:434.41, P4
Assigning agency EASL
100 ## - MAIN ENTRY--PERSONAL NAME
Personal name Wang Ya Ping Au.
9 (RLIN) 664951
245 #0 - TITLE STATEMENT
Title Urban poverty,housing and social change in China
260 ## - PUBLICATION, DISTRIBUTION, ETC.
Place of publication, distribution, etc. UK
Name of publisher, distributor, etc. London Routledge
Date of publication, distribution, etc. 2004
300 ## - PHYSICAL DESCRIPTION
Extent x,182p.
490 ## - SERIES STATEMENT
Series statement Housing and Society Series
942 ## - ADDED ENTRY ELEMENTS (KOHA)
Koha item type Textual
Classification part Y33:434.41, P4

No items available.

Copyright @ Delhi University Library System